01296cam a2200325 a 450000100060000000300080000600500170001400800410003102000170007202000180008903500190010704000740012604100130020008200270021310000320024024501570027225000130042926000320044230000260047449000780050050000400057850001580061850400640077665000210084065000200086165000140088170000210089570000310091670000230094729394BD-RjUL20211209051416.0140403s1962 nyu b 001 0deng|| a0393001423 : a9780393001426 a(BD-RjUL)29479 aDLCcDLCdBAKERdBTCTAdYDXCPdOCLCGdKAAUAdBDXdUkOxUdBD-RjULbeng0 aenghger00a150.1952220bFRE 19621 aFreud, Sigmund,d1856-1939.14aThe ego and the id /cSigmund Freud ; translated by Joan Riviere ; revised and edited by James Strachey ; with a biographical introduction by Peter Gay. aRev. ed. aNew York :bNorton,cc1962. axvii, 67 p. ;c18 cm.1 aThe Standard edition of the complete psychological works of Sigmund Freud aTranslation of: Das Ich und das Es. aReprint. Originally published: London : Hogarth Press and the Institute of Psycho-Analysis, 1962, in series: The International psycho-analytical library. aIncludes bibliographical references (p. [75]-80) and index. 0aEgo (Psychology) 0aId (Psychology) 0aSuperego.1 aStrachey, James.1 aRiviere, Joan,d1883-1962.1 aGay, Peter,d1923-